Entourage de Shrek - Statistiques

Statistiques générales
  • Ce quiz a été pris 76 fois
  • Le résultat moyen est 6 sur 14
Statistiques - réponses
Lien avec Shrek Personnage % Correct
Epouse Fiona
98%
Meilleur ami L'Ane
98%
Ami très proche Chat Potté
88%
Ami Pinocchio
64%
Cousin par alliance Arthur
48%
Beau-père Harold
41%
Ami Ti Biscuit
31%
Fille Felicia
30%
Belle-mère Lilian
30%
Ami Souris
25%
Fils Fergus
23%
Ami Grand Méchant Loup
22%
Ami 3 Petits Cochons
19%
Fils Farkle
11%
Aucun quiz correspondant
Distribution des résultats
% des personnes avec chaque résultat
Percentile par nombre de réponses
Votre historique - résultats
Vous n’avez pas pris ce quiz